Afirmación de la raza ante el Centenario de la Independencia de las repúblicas hispano-americanas (Record no. 114792)

MARC details
000 -LEADER
campo de control de longitud fija 00894nam a2200205 i 4500
001 - NÚMERO DE CONTROL
campo de control 114792
003 - IDENTIFICADOR DE NÚMERO DE CONTROL
campo de control ES-MaACL
005 - FECHA Y HORA DE LA ÚLTIMA TRANSACCIÓN
campo de control 20250829133328.0
007 - CAMPO FIJO DE DESCRIPCIÓN FÍSICA--INFORMACIÓN GENERAL
campo de control de longitud fija t|
008 - DATOS DE LONGITUD FIJA--INFORMACIÓN GENERAL
campo de control de longitud fija 070328s1910 sp |||| | spa d
100 1# - ENTRADA PRINCIPAL--NOMBRE DE PERSONA
Nombre de persona Ríos, Blanca de los,
Fechas asociadas al nombre 1859-1956
9 (RLIN) 97357
245 10 - MENCIÓN DEL TÍTULO
Título Afirmación de la raza ante el Centenario de la Independencia de las repúblicas hispano-americanas
Resto del título : conferencia leída por su autora en el Ateneo de Madrid el día 1º de febrero de 1910 /
Mención de responsabilidad, etc. Blanca de los Ríos de Lampérez.
260 ## - PUBLICACIÓN, DISTRIBUCIÓN, ETC.
Lugar de publicación, distribución, etc. Madrid :
Nombre del editor, distribuidor, etc. Unión Iberoamericana,
Fecha de publicación, distribución, etc. 1910 (
Fabricante Imp. de los Hijos de M.G. Hernández)
300 ## - DESCRIPCIÓN FÍSICA
Extensión 31 p. ;
Dimensiones 20 cm.
610 24 - PUNTO DE ACCESO ADICIONAL DE MATERIA--NOMBRE DE ENTIDAD CORPORATIVA
Nombre de entidad corporativa o nombre de jurisdicción como elemento de entrada Ateneo de Madrid-
Subdivisión de forma Conferencias-
Subdivisión cronológica 1900-1939
9 (RLIN) 1907
650 #7 - PUNTO DE ACCESO ADICIONAL DE MATERIA--TÉRMINO DE MATERIA
Término de materia o nombre geográfico como elemento de entrada Hispanidad
Fuente del encabezamiento o término embne
9 (RLIN) 139321
710 2# - ENTRADA AGREGADA--NOMBRE DE ENTIDAD CORPORATIVA
Nombre de entidad corporativa o nombre de jurisdicción como elemento de entrada Ateneo de Madrid.
9 (RLIN) 1875
852 ## - LOCALIZACIÓN
Ubicación ES-MaACL
Número de control de estantería T-1086-F-6
Nota libre . - Dedicatoria autógrafa de la autora
Holdings
Estatus retirado Estado de pérdida Fuente del sistema de clasificación o colocación Estado de daño No para préstamo Colección Biblioteca de origen Biblioteca actual Ubicación en estantería Fecha de adquisición Total de préstamos Signatura topográfica completa Código de barras Visto por última vez Fecha del último préstamo Precio de reemplazo Tipo de ítem Koha Nota pública
    Clasificación decimal universal     Colección de folletos Biblioteca del Ateneo de Madrid Biblioteca del Ateneo de Madrid Depósito folletos 17/01/2008 1 T-1086-F-6 1119705 16/10/2025 15/10/2025 23/02/2023 Folleto Dedicatoria autógrafa del autor